MARC details
| 000 -LEADER |
| fixed length control field |
02483cam a22005174a 4500 |
| 001 - CONTROL NUMBER |
| control field |
14761819 |
| 003 - CONTROL NUMBER IDENTIFIER |
| control field |
GZU |
| 005 - DATE AND TIME OF LATEST TRANSACTION |
| control field |
20240403114302.0 |
| 008 - FIXED-LENGTH DATA ELEMENTS--GENERAL INFORMATION |
| fixed length control field |
070306s2008 maua b 001 0 eng |
| 010 ## - LIBRARY OF CONGRESS CONTROL NUMBER |
| LC control number |
2007009671 |
| 016 7# - NATIONAL BIBLIOGRAPHIC AGENCY CONTROL NUMBER |
| Record control number |
101301113 |
| Source |
DNLM |
| 020 ## - INTERNATIONAL STANDARD BOOK NUMBER |
| International Standard Book Number |
9781405155939 (hardcover : alk. paper) |
| 020 ## - INTERNATIONAL STANDARD BOOK NUMBER |
| International Standard Book Number |
1405155930 (hardcover : alk. paper) |
| 020 ## - INTERNATIONAL STANDARD BOOK NUMBER |
| International Standard Book Number |
9781405155946 (pbk. : alk. paper) |
| 020 ## - INTERNATIONAL STANDARD BOOK NUMBER |
| International Standard Book Number |
1405155949 (pbk. : alk. paper) |
| 022 ## - INTERNATIONAL STANDARD SERIAL NUMBER |
| International Standard Serial Number |
No Number |
| 035 ## - SYSTEM CONTROL NUMBER |
| System control number |
(OCoLC)ocm85817994 |
| 040 ## - CATALOGING SOURCE |
| Original cataloging agency |
DNLM/DLC |
| Transcribing agency |
DLC |
| Modifying agency |
NLM |
| -- |
BTCTA |
| -- |
BAKER |
| -- |
YDXCP |
| -- |
KUT |
| -- |
BWKUK |
| -- |
NLGGC |
| -- |
MUQ |
| -- |
GEBAY |
| -- |
DLC |
| 042 ## - AUTHENTICATION CODE |
| Authentication code |
pcc |
| 050 00 - LIBRARY OF CONGRESS CALL NUMBER |
| Classification number |
R118 |
| Item number |
WRI 2008 |
| 060 00 - NATIONAL LIBRARY OF MEDICINE CALL NUMBER |
| Classification number |
2007 L-346 |
| 082 00 - DEWEY DECIMAL CLASSIFICATION NUMBER |
| Classification number |
610.69/6 |
| Edition number |
22 |
| 084 ## - OTHER CLASSIFICATION NUMBER |
| Classification number |
05.31 |
| Number source |
bcl |
| 100 1# - MAIN ENTRY--PERSONAL NAME |
| Personal name |
Wright, Kevin B. |
| 245 10 - TITLE STATEMENT |
| Title |
Health communication in the 21st century/ |
| Statement of responsibility, etc. |
Kevin B. Wright, Lisa Sparks, and H. Dan O'Hair. |
| 246 3# - VARYING FORM OF TITLE |
| Title proper/short title |
Health communication in the twenty-first century |
| 260 ## - PUBLICATION, DISTRIBUTION, ETC. |
| Place of publication, distribution, etc. |
Malden, MA; |
| -- |
Oxford: |
| Name of publisher, distributor, etc. |
Blackwell Publishers, |
| Date of publication, distribution, etc. |
2008. |
| 300 ## - PHYSICAL DESCRIPTION |
| Extent |
vii, 334 pages: |
| Other physical details |
illustrations; |
| Dimensions |
26cm. |
| 504 ## - BIBLIOGRAPHY, ETC. NOTE |
| Bibliography, etc. note |
Includes bibliographical references and index. |
| 505 0# - FORMATTED CONTENTS NOTE |
| Formatted contents note |
Overview of communication and health -- Provider-patient communication -- Caregiving and communication -- Social support and health -- Culture and diversity issues in healthcare -- Communication and healthcare organizations -- New technologies and health communication -- Mass communication and health -- Risk and crisis communication -- Health campaigns and community health initiatives -- Interdisciplinary healthcare teams -- Emerging health communication contexts and challenges. |
| 520 ## - SUMMARY, ETC. |
| Summary, etc. |
Communication in the 21st Century |
| 650 #0 - SUBJECT ADDED ENTRY--TOPICAL TERM |
| Topical term or geographic name entry element |
Communication in medicine. |
| 650 #0 - SUBJECT ADDED ENTRY--TOPICAL TERM |
| Topical term or geographic name entry element |
Communication in medicine |
| General subdivision |
Forecasting. |
| 650 12 - SUBJECT ADDED ENTRY--TOPICAL TERM |
| Topical term or geographic name entry element |
Communication. |
| 650 12 - SUBJECT ADDED ENTRY--TOPICAL TERM |
| Topical term or geographic name entry element |
Delivery of Health Care. |
| 650 22 - SUBJECT ADDED ENTRY--TOPICAL TERM |
| Topical term or geographic name entry element |
Communications Media. |
| 650 22 - SUBJECT ADDED ENTRY--TOPICAL TERM |
| Topical term or geographic name entry element |
Health Promotion. |
| 650 22 - SUBJECT ADDED ENTRY--TOPICAL TERM |
| Topical term or geographic name entry element |
Professional-Patient Relations. |
| 700 1# - ADDED ENTRY--PERSONAL NAME |
| Personal name |
Sparks, Lisa. |
| 700 1# - ADDED ENTRY--PERSONAL NAME |
| Personal name |
O'Hair, Dan. |
| 856 42 - ELECTRONIC LOCATION AND ACCESS |
| Materials specified |
Contributor biographical information |
| Uniform Resource Identifier |
<a href="http://www.loc.gov/catdir/enhancements/fy0802/2007009671-b.html">http://www.loc.gov/catdir/enhancements/fy0802/2007009671-b.html</a> |
| 856 42 - ELECTRONIC LOCATION AND ACCESS |
| Materials specified |
Publisher description |
| Uniform Resource Identifier |
<a href="http://www.loc.gov/catdir/enhancements/fy0802/2007009671-d.html">http://www.loc.gov/catdir/enhancements/fy0802/2007009671-d.html</a> |
| 906 ## - LOCAL DATA ELEMENT F, LDF (RLIN) |
| a |
7 |
| b |
cbc |
| c |
orignew |
| d |
1 |
| e |
ecip |
| f |
20 |
| g |
y-gencatlg |
| 942 ## - ADDED ENTRY ELEMENTS (KOHA) |
| Source of classification or shelving scheme |
Library of Congress Classification |
| Koha item type |
Books |
| Classification part |
118 |
| Item part |
WRI |
| Call number prefix |
R |